00352nam a2200145Ia 450000500170000000800410001702000150005808200190007324500160009226000370010830000160014565000140016165000130017570000180018820241218010911.0240331s9999 xx 000 0 und d a8188965308 bNIV26438a305 0aSexualities aNew DelhibWomen Unlimitedc2007 alx, 333 p., aSexuality aFeminism aMenon, Needt